000 00427nam a2200181Ia 4500
001 21037
005 20260306172850.0
008 260306t2019||||xx |||||||||||||| ||spa||
041 _aESP
082 _a344
_bG23
100 _aGarcía Cavero, Percy
_eAUT
245 0 _aDerecho penal:
_bparte general
260 _c2019
300 _a1225 páginas :
_c20 cm.
650 _aGEN
654 _aCDE
942 _cLIB
_dJUS
_fJUS
_2ddc
_n
999 _c21037
_d21037